| 000 | 00930nam a2200277Ia 4500 | ||
|---|---|---|---|
| 003 | OSt | ||
| 005 | 20220918171104.0 | ||
| 006 | a|||||r|||| 00| 0 | ||
| 007 | ta | ||
| 008 | 220917b |||||||| |||| 00| 0 eng d | ||
| 020 |
_a9781138786745 (hbk) _cUKP 175.00 |
||
| 024 | _a325,442 | ||
| 037 |
_bBBS/86, 17/01/2018, Better Book Services _cTextual |
||
| 040 |
_aARTS _cARTS _beng |
||
| 041 |
_2eng _aeng |
||
| 082 | _aG:55, Q7 | ||
| 100 |
_aHeise Ursula K. Ed. _934017 |
||
| 245 | 0 | _aRoutledge companion to the environmental humanities | |
| 260 |
_aNew York _bRoutledge USA _c2017 |
||
| 300 |
_axv,489p. _ccm. |
||
| 650 |
_aENVIRONMENTAL SCIENCE _914764 |
||
| 700 |
_a Christensen Jon Ed. _934018 |
||
| 700 |
_a Niemann Michelle Ed. _934019 |
||
| 942 |
_hG:55, Q7 _cTEXL _2CC |
||
| 999 |
_c137815 _d137815 |
||